000
00264nam a22001337a 4500
008
210428b ||||| |||| 00| 0 eng d
041
_a
eng
080
_a
82
082
_a
82
100
_a
21
101
_a
GJL
245
_a
Daphnis
_c
Becker,B
942
_2
udc
_c
BK
999
_c
56898
_d
56898